00546nam a2200205 i 4500001001100000003000500011005001700016008004100033020001500074040002500089082001500114100003100129245001100160264004800171300002500219336002100244337002500265338002300290650002700313C2-0292734PPAK20180728024723.0090108s1984 nyu |||| ||||| | eng d a0940450240 aPPAKbengcPPAKerda04a808.832231 aMelville, Herman, eauthor10aPierre 1aNew York : bThe Library of Ameica , c1984 a1478 pages ; c21 cm 2rdacontentatext 2rdamediaaunmediated 2rdacarrieravolume10aShort stories, English